000 00659nam a2200277Ia 4500
008 210210b2008 xxu||||| |||| 00| 0 eng d
020 _a0195692365
041 _aeng
082 _a820.23 KARY
100 _aKarnad (Girish)
245 _aYayati: a play translated from the original Kannada by the author
260 _aNew Delhi
_bOxford University Press
_c2008
300 _ax,74
650 _aYayati:
650 _atranslated
650 _athe
650 _aplay
650 _aoriginal
650 _aKannada
650 _afrom
650 _aby
650 _aauthor
650 _aa
690 _aIndian English Drama
906 _a071168
999 _c120531
_d120531